European Public Private Partnership Law Review EPPPL

Detalles Bibliográficos
Formato: Revista
Lenguaje:inglés
Publicado: Berlin : Lexxion Verlagsgesellschaft mbH, 2006-
Materias:
Acceso en línea:http://www.vlex.com/source/7194

MARC

LEADER 00000nas a22000007a 4500
005 20130319174241.0
007 cr|||| ||||
008 130319c20069999gw qr|p s|||| 0|||a1eng d
022 |a 18630987  
035 |a 7194 
040 |a vLex 
090 |c 3962  |d 3962 
245 0 0 |a European Public Private Partnership Law Review  |b EPPPL  |h [Recurso electrn̤ico]  
256 |a Servicio en ln̕ea 
260 |a Berlin :  |b Lexxion Verlagsgesellschaft mbH,   |c 2006- 
300 |a 1 Recurso electrn̤ico 
506 |d vLex Global  |d vLex Global (Academic Edition, excluding Law Schools)  |d vLex Global (U.S. Academic Edition, Law Schools)  |d vLex Global (U.S. Academic Edition, excluding Law Schools)  |d vLex Global (Academic Edition, Law Schools) 
650 0 4 |a Derecho administrativo  |v Revistas  |z Europa 
740 |a vLex Revistas (Servicio en ln̕ea) 
856 |a Acceso restringido  |u http://www.vlex.com/source/7194 
942 |c REV 
999 0 |a Administrative law